000 00194nam a2200085Ia 4500
008 120527s9999 xx 000 0 und d
100 _aMoore &Elkin
245 _aLabor and the Economy
942 _cBK
999 _c27008
_d27008